| 000 | 01034nam a2200337 4500 | ||
|---|---|---|---|
| 001 | 68339 | ||
| 010 | _a978-972-21-3124-7 | ||
| 021 |
_aPT _b487929/21 |
||
| 100 | _a20230119d2021 m||y0pory50030103ba | ||
| 101 | 0 | _apor | |
| 102 | _aPT | ||
| 105 | _ay z 000ay | ||
| 106 | _ar | ||
| 200 | 1 |
_aA confissão e a culpa _fGermano Almeida |
|
| 210 | 9 |
_aAlfragide _cCaminho _d2021 |
|
| 215 | _a245 p. | ||
| 225 |
_aTrilogia do mindelo _v3 |
||
| 545 | 1 | _aTriologia do Mindelo, v. 3 | |
| 675 |
_a821.134.3(665.8)-31"19/20" _vBN _zpor |
||
| 700 |
_aAlmeida _bGermano _f1945- _96627 |
||
| 801 | 0 |
_aPT _bBN _gRPC |
|
| 090 | _a68339 | ||
| 942 |
_cMON _n0 |
||